000 00489nam a2200193Ia 4500
005 20250508151827.0
008 008 250505s9999 xx 000 0 pun d
037 _aBooks to be hide in OPAC
040 _aFEDL
_beng
_cFEDL
041 _apun
_2eng
084 _qFEDL
100 _aSantosh Raj
_9390758
245 0 _aShiksha vidhi
260 _aJalandhar, India
_b Punjab Kitab Ghar
_c1956
300 _a368p.
546 _aWeeded out
942 _cHB
999 _c1332349
_d1332349